LEADER 01044nam0-22003611i-450- 001 990003066450403321 005 20150225161709.0 010 $a0-8039-9811-2 035 $a000306645 035 $aFED01000306645 035 $a(Aleph)000306645FED01 035 $a000306645 100 $a20030910d1980----km-y0itay50------ba 101 0 $aeng 102 $aUS 200 1 $aElectoral participation$ea comparative analysis$fEdited by Richard Rose 210 $aBeverly Hills ; London$cSage$d1980 215 $a358 p.$d23 cm 225 1 $aSage Studies in Contemporary Political Sociology 610 0 $aElezioni politiche$apartecipazione popolare$acomparazione 610 0 $aDemocrazie$aconfronto 676 $a324.9$v22$zita 676 $a306.2$v22$zita 702 1$aRose,$bRichard 801 0$aIT$bUNINA$gRICA$2UNIMARC 901 $aBK 912 $a990003066450403321 952 $a19630$b10926$fSES 952 $aA / ROS 6$b2165$fBFS 959 $aSES 959 $aBFS 996 $aElectoral participation$9464783 997 $aUNINA LEADER 03306nam 2200637 450 001 000012174 005 20140929154102.0 010 $a0-674-99083-8$bAmerican ISBN 010 $a0-434-99074-4$bEnglish ISBN 100 $a20030408d1978----km-y0itay0103----ba 101 2 $alat$aeng 102 $aUS$aGB 200 1 $a<> theological tractates$fBoethus$gwith an English translation by H. F. Stewart and E. K. Rand and S. J. Tester$a<> consolation of philosophy$fBoethius$gwith an English translation by S. J. Tester 210 $aCambridge, Massachusetts$cHarvard University Press$aLondon$c<> Heinemann$d1978 215 $aXV, 441 p.$d17 cm 225 2 $a<> Loeb classical library 300 $aTraduzione inglese con testo latino a fronte 410 0$12001$a<> Loeb classical library 500 11$aOpuscula sacra. Quomodo Trinitas unus Deus ac non tres dii / Boethius, Anicius Manlius Torquatus Severinus$919757 500 11$aOpuscula sacra. Utrum Pater et Filius et Spiritus Sanctus de divinitate substantialiter praedicentur / Boethius, Anicius Manlius Torquatus Severinus$919753 500 11$aOpuscula sacra. Quomodo substantiae in eo, quod sint, bonae sint / Boethius, Anicius Manlius Torquatus Severinus$919754 500 11$aOpuscula sacra. De fide catholica / Boethius, Anicius Manlius Torquatus Severinus$919755 500 11$aOpuscula sacra. Liber contra Eutychen et Nestorium / Boethius, Anicius Manlius Torquatus Severinus$919756 500 11$aPhilosophiae consolatio / Boethius, Anicius Manlius Torquatus Severinus$916046 676 $a230$v(22. ed.)$9Cristianesimo. Teologia Cristiana 676 $a189$v(22. ed.)$9Filosofia occidentale medievale 700 1$aBoethius,$bAnicius Manlius Torquatus Severinus$f<475/480-ca. 524/525>$0182801 702 1$aStewart,$bH. F. 702 1$aRand,$bE. K. 702 1$aTester,$bS. J. 801 0$aIT$bUniversità della Basilicata - B.I.A.$gREICAT$2unimarc 912 $a000012174 996 $aOpuscula sacra. Liber contra Eutychen et Nestorium$919756 996 $aOpuscula sacra. Quomodo substantiae in eo, quod sint, bonae sint$919754 996 $aOpuscula sacra. Utrum Pater et Filius et Spiritus Sanctus de divinitate substantialiter praedicentur$919753 996 $aOpuscula sacra. Quomodo Trinitas unus Deus ac non tres dii$919757 996 $aPhilosophiae consolatio$916046 996 $aOpuscula sacra. De fide catholica$919755 997 $aUNIBAS CAT $aSTD019$b01$c20030408$lBAS01$h1036 CAT $aSTD019$b01$c20030408$lBAS01$h1224 CAT $aSTD019$b01$c20030408$lBAS01$h1522 CAT $aTROMBONE$b21$c20030410$lBAS01$h1639 CAT $aTROMBONE$b21$c20030415$lBAS01$h1609 CAT $c20050601$lBAS01$h1755 CAT $abatch$b01$c20050718$lBAS01$h1051 CAT $c20050718$lBAS01$h1110 CAT $c20050718$lBAS01$h1140 CAT $c20050718$lBAS01$h1154 CAT $aBATCH$b00$c20070503$lBAS01$h1730 CAT $aEXT013$b01$c20140908$lBAS01$h1034 CAT $aEXT013$b01$c20140908$lBAS01$h1047 CAT $aEXT013$b01$c20140908$lBAS01$h1049 CAT $aATR$b40$c20140929$lBAS01$h1541 FMT Z30 -1$lBAS01$LBAS01$mBOOK$1BASA1$APolo Storico-Umanistico$3Class/687$614672$5L14672$820030408$f04$FPrestabile Didattica LEADER 00995nam0 22003013i 450 001 FER0071294 005 20231121125501.0 010 $a2130373666 100 $a20181115d1982 ||||0itac50 ba 101 | $afre 102 $afr 181 1$6z01$ai $bxxxe 182 1$6z01$an 200 1 $a˜La œmorale$fAngele Kremer-Marietti 210 $aParis$cPUF$d1982 215 $a127 p.$d18 cm. 225 | $aQue sais-je?$v2003 410 0$1001CFI0063042$12001 $aQue sais-je?$v2003 700 1$aKremer-Marietti$b, Angèle$3CFIV067208$4070$0409199 790 1$aMarietti$b, Ange?le$3UTOV561680$zKremer-Marietti, Angèle 801 3$aIT$bIT-01$c20181115 850 $aIT-FR0017 899 $aBiblioteca umanistica Giorgio Aprea$bFR0017 $eN 912 $aFER0071294 950 0$aBiblioteca umanistica Giorgio Aprea$d 52MAG 1/1568$e 52MAG0000160195 VMB RS $fA $h20181115$i20181115 977 $a 52 996 $aMorale$93606752 997 $aUNICAS LEADER 02975nam 2200649Ia 450 001 9910777813803321 005 20200520144314.0 010 $a1-383-03540-7 010 $a1-281-14944-6 010 $a9786611149444 010 $a0-19-152697-5 010 $a1-4294-7033-X 035 $a(CKB)1000000000473535 035 $a(EBL)415726 035 $a(OCoLC)476244517 035 $a(SSID)ssj0000238240 035 $a(PQKBManifestationID)11197984 035 $a(PQKBTitleCode)TC0000238240 035 $a(PQKBWorkID)10234136 035 $a(PQKB)10858746 035 $a(Au-PeEL)EBL415726 035 $a(CaPaEBR)ebr10170129 035 $a(CaONFJC)MIL114944 035 $a(Au-PeEL)EBL7035802 035 $a(PPN)145863344 035 $a(MiAaPQ)EBC415726 035 $a(EXLCZ)991000000000473535 100 $a20061122d2007 uy 0 101 0 $aeng 135 $aur|n|---||||| 181 $ctxt 182 $cc 183 $acr 200 10$aRiemannian holonomy groups and calibrated geometry$b[electronic resource] /$fDominic D. Joyce 210 $aOxford $cOxford University Press$d2007 215 $a1 online resource (314 p.) 225 1 $aOxford graduate texts in mathematics ;$v12 300 $aDescription based upon print version of record. 311 $a0-19-921560-X 311 $a0-19-921559-6 320 $aIncludes bibliographical references and index. 327 $aPreface; Contents; 1 Background material; 2 Introduction to connections, curvature and holonomy groups; 3 Riemannian holonomy groups; 4 Calibrated geometry; 5 Ka?hler manifolds; 6 The Calabi Conjecture; 7 Calabi-Yau manifolds; 8 Special Lagrangian geometry; 9 Mirror symmetry and the SYZ Conjecture; 10 Hyperka?hler and quaternionic Ka?hler manifolds; 11 The exceptional holonomy groups; 12 Associative, coassociative and Cayley submanifolds; References; Index 330 $aRiemannian holonomy groups and calibrated geometry covers an exciting and active area of research at the crossroads of several different fields in Mathematics and Physics. Drawing on the author's previous work the text has been written to explain the advanced mathematics involved simply and clearly to graduate students in both disciplines. - ;This graduate level text covers an exciting and active area of research at the crossroads of several different fields in Mathematics and Physics. In Mathematics it involves Differential Geometry, Complex Algebraic Geometry, Symplectic Geometry, and in Phy 410 0$aOxford graduate texts in mathematics ;$v12. 606 $aGeometry, Riemannian 606 $aHolonomy groups 615 0$aGeometry, Riemannian. 615 0$aHolonomy groups. 676 $a516.373 700 $aJoyce$b Dominic D$066989 801 0$bMiAaPQ 801 1$bMiAaPQ 801 2$bMiAaPQ 906 $aBOOK 912 $a9910777813803321 996 $aRiemannian holonomy groups and calibrated geometry$91229831 997 $aUNINA